| 000 | 01444nam a22002537a 4500 | ||
|---|---|---|---|
| 005 | 20260306134440.0 | ||
| 007 | ta | ||
| 008 | 230118s2012 ve |||||rm|| 00| 0 spa d | ||
| 040 |
_avecauma _cvecauma _dvecauma |
||
| 099 |
_aPFC21 _c2012 |
||
| 100 | 1 |
_95431 _aPozsony Martín, Linda Margarita |
|
| 245 | 1 | 0 |
_aAnálisis de la presencia, la ausencia y la intensidad de cinco rasgos de comunicación totalitaria durante 24 horas de transmisión del canal Venezolana de Televisión (VTV) durante el referéndum aprobatorio del 15 de febrero de 2009 en Venezuela / _cLinda Margarita Pozsony Martín ; Fernando L. Egaña [tutor] |
| 260 | _cmarzo 2012 | ||
| 300 | _a151 h. | ||
| 502 |
_aProyecto Final de Carrera _b(Licenciado en Comunicación Social). -- _cUniversidad Monteávila, _eCaracas, _d2012. |
||
| 520 | _aEsta investigación propone el análisis de la presencia, ausencia e intensidad de cinco rasgos de comunicación totalitaria a partir de una muestra de 24 horas de transmisión del canal Venezolana de Televisión (VTV), durante el referéndum aprobatorio del 15 de febrero de 2009 en Venezuela. | ||
| 650 | 0 |
_93476 _aMEDIOS DE COMUNICACION SOCIAL _xASPECTOS POLITICOS _zVENEZUELA |
|
| 650 | 0 |
_aCOMUNICACION EN POLITICA _zVENEZUELA _92232 |
|
| 650 | 0 |
_aREFERENDUM _zVENEZUELA _95430 |
|
| 651 | 0 |
_aVENEZUELA _xPOLITICA Y GOBIERNO _y1999- _93255 |
|
| 700 | 1 |
_95432 _aEgaña, Fernando L. _etutor |
|
| 942 |
_cTESIS _2lcc |
||
| 999 |
_c3756 _d3756 |
||